000 00443nab a2200181 a 4500
001 16048
003 33225
005 20201118095443.0
008 ||||||n9999 ||| || ||
100 _aBahr, Eduardo
245 0 _aTegucigalpa: paseo por la ciudad desolada
300 _app. 160-171
562 _e0
650 _aANÁLISIS HISTÓRICO
650 _aHABITAT URBANO
773 _016028
_aNueva Sociedad - No.120
942 _cSART
999 _c16048
_d16048